| 000 | 01147nam0a2200301 4500 | ||
|---|---|---|---|
| 001 | RU\NLR\bibl\14689 | ||
| 005 | 20250615012740.0 | ||
| 010 | _a5-7990-0148-6 | ||
| 021 |
_aRU _b98-35174 _91669 |
||
| 035 | _a(NLR Aleph) 000014334 | ||
| 090 |
_a57407 _c57407 |
||
| 100 | _a19990303d1998 |||y0rusy50 ca | ||
| 101 | 0 | _arus | |
| 102 | _aRU | ||
| 105 | _a||||||||||||| | ||
| 200 | 1 |
_aГражданский процессуальный кодекс РСФСР _e[С изм. и доп. на 25 июня 1998 г.] |
|
| 210 |
_aМ. _cПРИОР _d1998 |
||
| 215 |
_a159 с. _d20 |
||
| 604 |
_171002$aРСФСР _1500##$aГражданский процессуальный кодекс$2nlr_sh2$3RU\NLR\AUTH\661370756 _aРСФСР _tГражданский процессуальный кодекс _92288596 _3RU\NLR\AUTH\661370756 |
||
| 606 | 0 |
_aГражданский процессуальный кодекс _yРСФСР _9890310 _3RU\NLR\AUTH\66321908 |
|
| 686 | 1 | _aХ629.2-324.9(2Р) | |
| 801 | 0 |
_aRU _bNLR _c19990303 _gPSBO |
|
| 801 | 1 |
_aRU _bNLR _c19990303 |
|
| 852 |
_aNLR _j98-3/9948 |
||
| 942 | _cBOOK | ||
| 980 | _aNB | ||